Artisans by Design: An Odyssey of Education for Textile Artisans in India (Record no. 370276)

MARC details
000 -LEADER
fixed length control field 02109nam a2200193 4500
005 - DATE AND TIME OF LATEST TRANSACTION
control field 20260209155612.0
008 - FIXED-LENGTH DATA ELEMENTS--GENERAL INFORMATION
fixed length control field 260203b |||||||| |||| 00| 0 eng d
020 ## - INTERNATIONAL STANDARD BOOK NUMBER
International Standard Book Number 9780764368431
041 ## - LANGUAGE CODE
Language code of text/sound track or separate title English
082 ## - DEWEY DECIMAL CLASSIFICATION NUMBER
Classification number 746
Item number FRA
100 ## - MAIN ENTRY--PERSONAL NAME
Author Frater Judy
245 ## - TITLE STATEMENT
Title Artisans by Design: An Odyssey of Education for Textile Artisans in India
260 ## - PUBLICATION, DISTRIBUTION, ETC.
Name of publisher, distributor, etc. Schiffer Publishing
Date of publication, distribution, etc. 2024
300 ## - PHYSICAL DESCRIPTION
Extent 295
365 ## - TRADE PRICE
Price amount 2423.45
Currency code Rs.00
520 ## - SUMMARY, ETC.
Summary, etc. CHAPTER 1 My Muse: Artisan Designers of New Hope, Pennsylvania<br/>CHAPTER 2 Alimamadbhai Isha Khatri: An Original Artisan Designer in Kutch<br/>CHAPTER 3 Embroidery as Culture, Communication: The Research and Museum Years<br/>CHAPTER 4 Harkhuben Bhojraj Rabari: Curator of Rabari Tradition<br/>CHAPTER 5 From Income Generation to Cultural Empowerment: The Kala Raksha Years<br/>CHAPTER 6 Hariyaben Uttam Bhanani: Elegant Sage<br/>CHAPTER 7 Lachhuben Raja Rabari: Eloquent Earth Mother<br/>CHAPTER 8 Artisans Design: The Kala Raksha Vidhyalaya Years<br/>CHAPTER 9 AbdulAzizbhai Alimamad Khatri: From Skeptic to Advocate<br/>CHAPTER 10 Varshaben Uttam Bhanani: Judiciously Courageous<br/>CHAPTER 11 Further Innovations, Recognizing Ownership, Building Community: The Somaiya Kala Vidya Years<br/>CHAPTER 12 Prakashbhai Naran Siju: Building a Tradition<br/>CHAPTER 13 Irfanbhai Anwar Khatri: The Mastermind<br/>CHAPTER 14 Zakiyaben Adil and Adilbhai Mustak Khatri: Kindred Explorers<br/>CHAPTER 15 Pachanbhai Premji Siju: Giving Back<br/>CHAPTER 16 Persistent Issues: Revisiting the Ideal of the Artisan Designer<br/>CHAPTER 17 Tulsiben Purshottam Puvar: Challenging Limitations<br/>CHAPTER 18 Bharatbhai Vershi Jepar: Starting Up<br/>CHAPTER 19 Soyabbhai AKT Khatri: Passion and Progression<br/>CHAPTER 20 Dahyalalbhai Atmaram Kudecha: Balancing Act<br/>CHAPTER 21 Sajnuben Pachan Rabari: Traversing Time and Space<br/>CHAPTER 22 Khalidbhai Usman Khatri: Choosing Art<br/>CHAPTER 23 What's Next? Making Craft Traditions Worth It<br/>CHAPTER 24 Akibbhai Ibrahim Khatri: The Visionary and the Community<br/>CHAPTER 25 Shakilbhai Ahmed Qasam Khatri: Art and Development<br/><br/>
650 ## - SUBJECT ADDED ENTRY--TOPICAL TERM
Topical term or geographic name entry element Textile Artist
942 ## - ADDED ENTRY ELEMENTS (KOHA)
Koha item type Books
Holdings
Withdrawn status Lost status Source of classification or shelving scheme Damaged status Not for loan Home library Current library Date acquired Vendor Net Price Bill number Total Checkouts Full call number Barcode Date last seen Discount Actual Price Bill Date Koha item type
    Dewey Decimal Classification     School of Fashion Technology School of Fashion Technology 02/02/2026 Design Book Studio 2423.45 282   746 FRA SOFT-BK-4923 03/02/2026 33% 3617.10 12/12/2025 Books